|
|
|
|
| LEADER |
00000cam a2200000 7i4500 |
| 001 |
0000008685 |
| 005 |
20160330.0 |
| 008 |
070918 |
| 020 |
|
|
|a 0142401110
|
| 090 |
0 |
0 |
|a GEO
|b ENG (8201)
|
| 100 |
1 |
|
|a George, Jean Craighead
|
| 245 |
1 |
0 |
|a My side of the mountain
|c Jean Craighead George
|
| 260 |
|
|
|a New York :
|b Puffin Books ,
|c 2004
|
| 500 |
|
|
|a Teenager ages 13-18 years old (blue)
|
| 650 |
|
0 |
|a English fiction
|
| 650 |
|
0 |
|a Mountain life
|x Fiction
|
| 650 |
|
0 |
|a Self-reliance
|x Fiction
|
| 650 |
|
0 |
|a Survival
|x Fiction
|
| 999 |
|
|
|a 0000993641
|b Book
|c Teenagers
|e Perbadanan Perpustakaan Awam Johor
|
| 999 |
|
|
|a 0000993642
|b Book
|c Teenagers
|e Perbadanan Perpustakaan Awam Johor
|